00953cam a2200229 450000500170000000800410001705000190005810000660007724501160014325000110025926000500027030000210032050000470034150400210038865000280040965000340043770000360047170000440050794200130055199900190056495201400058320151204133951.0151204b mx ||||| |||| 00| 0 spa d04aD13 bC65 19521 aCollingwood, R. G.,d[1889-1943],q[Robin George Collingwood]10aIdea de la historia / cRobin George Collingwood ; traducción de Edmundo O'Gorman y Jorge Hernández Campos. a1a ed. aMexico : bFondo de Cultura Economica, c1952 a610 p. ; c20cm. aNota: Traducción de: The idea of history aIncluye índice 72LEMBa Historiografía 72LEMBaHistoria x Filosofía1 aHernandez Campos, Jorge, e tr.1 aO'Gorman, Edmundo, d 1906-1995, e tr. 2lcccLIB c110201d110201 102lcc4070aINV-033bINV-033cGENERALd2015-12-04f1a ed.iHkEHoD13 C65 1952pIIH000013629r2015-12-04 00:00:00tC: 1yLIBzGENERAL